Statistics for Avicii Charting Songs (Billboard Hot Dance)

Click here to take the quiz!

General Stats

  • This quiz has been taken 61 times
    (2 since last reset)
  • The average score is 24 of 44

Answer Stats

AlbumWeeks OnPeakArtist(s)Song% Correct
Stories21 Weeks#10AviciiBroken Arrows
100%
True39 Weeks#1AviciiHey Brother
100%
Non-Album Single3 Weeks#4AviciiLevels
100%
Tim26 Weeks#6Avicii ft. Aloe BlaccSOS
100%
The Days / The Nights EP27 Weeks#10AviciiThe Nights
100%
Stories27 Weeks#7AviciiWaiting For Love
100%
Avīci (01)26 Weeks#13Avicii ft. Sandro CavazzaWithout You
100%
True29 Weeks#11AviciiAddicted To You
50%
Tim1 Week#26Avicii ft. BonnAin't a Thing
50%
Tim3 Weeks#23Avicii ft. Joe JaniakBad Reputation
50%
Non-Album Single2 Weeks#27Eric Turner vs. AviciiDancing In My Head
50%
True8 Weeks#34AviciiDear Boy
50%
Tim1 Week#34Avicii ft. Vargas & LagolaExcuse Me Mr. Sir
50%
Tim1 Week#28Avicii ft. Noonie BaoFades Away
50%
Stories20 Weeks#17AviciiFor a Better Day
50%
Tim1 Week#25Avicii ft. BonnFreak
50%
Avīci (01)2 Weeks#44Avicii ft. Vargas & LagolaFriend of Mine
50%
Stories1 Week#32AviciiGonna Love Ya
50%
Tim4 Weeks#14Avicii & Imagine DragonsHeart Upon My Sleeve
50%
True1 Week#49AviciiHeart Upon My Sleeve
50%
Tim20 Weeks#4AviciiHeaven
50%
Tim4 Weeks#18Avicii ft. A R I Z O N AHold The Line
50%
Non-Album Single22 Weeks#10Avicii vs Nicky RomeroI Could Be The One
50%
True3 Weeks#22AviciiLay Me Down
50%
True4 Weeks#45AviciiLiar Liar
50%
Avīci (01)27 Weeks#11Avicii ft. Rita OraLonely Together
50%
Tim1 Week#29Avicii ft. Joe JaniakNever Leave Me
50%
Tim2 Weeks#22Avicii ft. Vargas & LagolaPeace of Mind
50%
Stories6 Weeks#30AviciiPure Grinding
50%
Non-Album Single1 Week#23AviciiSilhouettes
50%
Stories1 Week#49AviciiSunset Jesus
50%
Stories3 Weeks#25AviciiTalk to Myself
50%
Non-Album Single3 Weeks#32Avicii vs. Conrad SewellTaste the Feeling
50%
The Days / The Nights EP22 Weeks#8AviciiThe Days
50%
Tim10 Weeks#9Avicii ft. Agnes & Vargas & LagolaTough Love
50%
Stories1 Week#46AviciiTrouble
50%
Stories1 Week#50AviciiTrue Believer
50%
True55 Weeks#1AviciiWake Me Up!
50%
Non-Album Single3 Weeks#37AviciiX You
50%
Avīci (01)2 Weeks#41Avicii ft. Billy RaffoulYou Be Love
50%
True27 Weeks#11AviciiYou Make Me
50%
Non-Album Single1 Week#48Zac Brown Band ft. AviciiBeautiful Drug (Avicii Remix)
0%
Clefication18 Weeks#12Wyclef ft. AviciiDivine Sorrow
0%
Non-Album Single18 Weeks#9Kygo with Avicii & Sandro CavazzaForever Yours (Tribute)
0%

Score Distribution

Percentile by Number Answered

Percent of People with Each Score

Your Score History

You have not taken this quiz since the last reset